| 000 | 01014nam a22003137a 4500 | ||
|---|---|---|---|
| 003 | CHAP | ||
| 005 | 20220329133857.0 | ||
| 008 | 971013s1866 r 00010 d | ||
| 010 | _a12130 | ||
| 011 | _a13102 | ||
| 035 | _a17173 | ||
| 040 | _cCHAP | ||
| 082 |
_a972.6 _bR4 |
||
| 100 | 0 | 0 |
_aCarrillo, Crecencio. _919548 |
| 245 | _aObservación crítico-histórica o defensa del Clero yucateco | ||
| 260 |
_aMérida : _bImprenta de José D. Espinosa é Hijos, _c1866 |
||
| 300 | _a20 p. | ||
| 500 | _aEncuadernado con: Regil, José María. Estadística de Yucatán | ||
| 590 |
_aBATCH-UPD _b10 _c20130109 _lUCH01 _h2356 |
||
| 590 |
_aBATCH-UPD _b10 _c20130110 _lUCH01 _h2246 |
||
| 590 |
_aBATCH-UPD _b10 _c20130410 _lUCH01 _h1540 |
||
| 590 |
_aBATCH-UPD _b10 _c20130914 _lUCH01 _h0853 |
||
| 590 |
_aCONVERSION _b10 _c20130109 _lUCH01 _h1308 |
||
| 650 | 1 | 4 |
_aIglesia católica. _957335 |
| 650 | 1 | 4 |
_aYucatán _xHistoria. _9123324 |
| 901 | _aBK | ||
| 942 | _cLIBRO | ||
| 949 |
_a972.6 R4 _bBC _cBPP _d-40742 _eBPP _i17173 _si |
||
| 999 |
_c12130 _d12130 |
||